=LDR 00000nam 2200000 4500 =001 INLIS000000000053328 =005 20200313122657 =035 ##$$a 0010-0518000038 =007 ta =008 200313################g##########0#ind## =020 ##$$a 978.6027128.83-5 =082 ##$$a 297.734 1 =084 ##$$a 297.734 1 ROH g =100 #$$a Rohani Shidiq =245 1#$$a Gus Dur : $b Penggerak dinamisasi pendidikan pesantren /$c Rohani Shidiq, M.Pd. ; editor Maulana Aenul Yakin, S. Pdi =250 ##$$a cet.1 =260 ##$$a Yogyakarta :$b Istana Publishing,$c 2015 =300 ##$$a 195 hlm. ; $c 21 x 14 cm. =650 #4$$a Pesantren =700 #$$a Maulana Aenul Yakin =504 ##$$a Bibliografi hlm. 197 - 218 =990 ##$$a 51800132 =990 ##$$a 51800132